00680nam a2200229 a 450000100060000000300080000600500170001400800390003103500190007004000320008904100080012108200220012910000360015124500660018725000130025326000300026630000290029649000410032550000200036665000230038683000410040957875BD-RjUL20211209080548.0161212s1908 enk | 001 0 eng a(BD-RjUL)57999 aDLCcDLCdDLCdBD-RjULbeng aeng00a302bMCI 19082231 aMcDougall, William,d1871-1938.03aAn introduction to social psychology /cby William McDougall. a14th ed. aLondon :bMethuen,c1908. axxviii, 524 p. ;c21 cm.0 aUniversity paperbacks U. P. 6 ; 1960 aIncludes index. 0aSocial psychology. aUniversity paperbacks U. P. 6 ; 1960